01296nam a22003494a 4500001001200000003000800012006001900020007001500039008004100054010001700095020001800112020001800130040002100148035002100169050002300190082001200213100002400225245008400249250001200333260004500345300001800390490003000408504006600438533015200504650004400656650001900700650003800719655002900757710001700786856012600803999001700929ebr10285226CaPaEBRm u cr cn|||||||||070214s2007 cau sb 001 0 eng  z 2007922932 z9781412910132 z9781412910149 aCaPaEBRcCaPaEBR a(OCoLC)32098581614aCB430b.F44 2007eb04a3062221 aFeatherstone, Mike.10aConsumer culture and postmodernismh[electronic resource] /cMike Featherstone. a2nd ed. aLos Angeles :bSAGE Publications,c2007. axxvii, 203 p.0 aTheory, culture & society aIncludes bibliographical references (p. [182]-197) and index. aElectronic reproduction.bPalo Alto, Calif. :cebrary,d2013.nAvailable via World Wide Web.nAccess may be limited to ebrary affiliated libraries. 0aPopular culturexHistoryy20th century. 0aPostmodernism. 0aConsumersxHistoryy20th century. 7aElectronic books.2local2 aebrary, Inc.40uhttp://site.ebrary.com/lib/rucke/Doc?id=10285226zAn electronic book accessible through the World Wide Web; click to view c16850d16850